000 00646nam a22002057a 4500
005 20251108173557.0
008 250721s2006 xx 000 0 ara d
082 1 4 _aط/ق/جوت
100 1 _aجوتيية، برتران
245 1 0 _aأنا لونا و أنا فنانة /
264 1 _aالقاهره :
_bدار الياس العصرية،
_c2006.
300 _a31ص.
490 0 _aانا لونا
650 1 7 _aالقصص العربية
650 1 7 _aأدب الاطفال
653 _aأطفال مرحلة متوسطة (6-9)سنوات
700 1 _aفريشوتو، جيرار
_eرسام
942 _2ddc
_cBK
999 _c107277
_d107277